Music Quiz

Random Music or Song Quiz

Johnny Flynn songs by lyric Quiz Stats

 Plays Quiz not verified by Sporcle

Support Sporcle.
Go Orange.
Score 0/48 Timer 15:00
0 Plays Today
Lyric Song Title % Correct
Think I'll fight a war, I don't know what for, but I'll learn when I've got my gunBarnacled Warship
82.1%
Just a lonely radio, just a makeshift show and tellLost and Found
79.5%
I never knew a part of you you didn't set in inkThe Wrote and the Writ
69.2%
The bartender looks like George BestWayne Rooney
66.7%
I am the masked rider, give me some graceShore to Shore
61.5%
Pray for the people inside your head, for they won't be there when you're deadTickle Me Pink
61.5%
Sweep my mess away, leave my body, leave my bonesThe Box
59%
You know life isn't always like the end of your novelsThe Lady Is Risen
56.4%
Gonna sweep this house clean out, gonna blow out all the lightsAmazon Love
51.3%
I'm done with my dyingThe Water
51.3%
The funeral pyres burned the last of the meekEyeless in Holloway
51.3%
We shared the experience of being alive and then we took some teaAfter Eliot
51.3%
I'll see another starCountry Mile
48.7%
I said 'Bring your dark eyes, honey.' She said, 'You bring yours.'Leftovers
46.2%
Did you learn just how I loved you? Did you see how far I'd been?Cold Bread
46.2%
Got a fistful of questions, not an answer to handChurlish May
43.6%
Kiss me here and kick me there and lovers might be friendsSally
41%
I should be someone else but you wouldn't know me if I wasBrown Trout Blues
41%
There's believing and there's taking off your hatKentucky Pill
38.5%
Stay in the light, Joe, stay with yourselfHowl
38.5%
The twilight is keeping us close to the starsEinstein's Idea
38.5%
It's a stout heart that catches the rainMurmuration
35.9%
Please put me down where my heart meets my mouthThe Prizefighter and the Heiress
33.3%
Love, food, and money do all the trade in this townBottom of the Sea Blues
30.8%
Lyric Song Title % Correct
We're a village of babes and I'm over the moonSweet William Part 2
30.8%
There's a bright side of the moon that isn't anything of wealthFol-de-rol
30.8%
I never knew shame to be so refreshingHong Kong Cemetry
28.2%
Are you going to tomorrow, are you headed home?Tinker's Trail
25.6%
A single song, a chorus song, a symphony, sans right or wrongBeen Listening
25.6%
An ash or an oak is the oldest of jokes when the lightning puts us back on our kneesI Don't Want to Go
23.1%
Live fast, die young, leave a good-looking corpseDrum
23.1%
Now the spheres of your loving are cast adrift to the shores of another landTime Unremembered
23.1%
In the last days of my life, oh I won't know whether to laugh or cryThe Ghost of O'Donahue
20.5%
I remember you well from before you were bornGypsy Hymn
20.5%
And the sun brings me through, and the moon drives the wavesI Am Light
17.9%
Burned by day, marooned by night, lost in a battle and found in a fightAll the Dogs are Lying Down
17.9%
All balmy was the winter air all wet with what might dieSweet William Part 1
17.9%
Steal a kiss from fortune's lipsAgnes
17.9%
For all the time you lived you dreamt, and having always came you wentTrains
15.4%
When what you see is gospel, the gospel isn't freeWhere My Father Went
12.8%
The eyes we're given give us sight of one another in the lightFlowers in My Garden
7.7%
It's a shame that you were broken, I knew your other faceHello Hello
7.7%
The end wasn't funny, though we'd all had funTunnels
7.7%
I'm in denial of one or two things, and three or four besidesOh to Eat an Apple
7.7%
We've been pruning your grave since the day you locked your doorIn the Honour of Industry
2.6%
I'm unusual through and throughOld Tricks
2.6%
A will to enter in is in the opening of an eyeBrothers Born as Twins
0%
There's love on the motorway, shame on the farmChimney Sweepers
0%

You're not logged in!

Compare scores with friends on all Sporcle quizzes.
OR
Log In

From the Vault

Friends-ified Country Names II

by NO_r_WAY

We're not entirely sure if this makes them all friends, though. Politics are complicated.
Remove Ads.
Support Sporcle.
Get the best of Sporcle when you Go Orange. This ad-free experience offers more features, more stats, and more fun while also helping to support Sporcle. Thank you for becoming a member.

Show Comments

Extras

Created Oct 3, 2013ReportNominate
Tags:Song Quiz, Flynn, Johnny

Top Quizzes Today


Score Distribution

Your Account Isn't Verified!

In order to create a playlist on Sporcle, you need to verify the email address you used during registration. Go to your Sporcle Settings to finish the process.

Report this User

Report this user for behavior that violates our Community Guidelines.

Details: